Metodología de la investigación educativa
Saved in:
| Hovedforfatter: | |
|---|---|
| Format: | Bog |
| Sprog: | spansk |
| Udgivet: |
Madrid, España
La Muralla
2014
|
| Udgivelse: | 4a. ed |
| Fag: | |
| Online adgang: | Disponible Online- Cap. 1 al 4 / Cap. 9 al 12 |
| Tags: |
Tilføj Tag
Ingen Tags, Vær først til at tagge denne postø!
|
MARC
| LEADER | 00000cam a2200000 a 4500 | ||
|---|---|---|---|
| 001 | UCD1276 | ||
| 003 | CL-VaPUC | ||
| 005 | 20231123123306.0 | ||
| 008 | 160121e20140000sp |||||||||||||||||spa|d | ||
| 999 | |c 362644 |d 362642 | ||
| 020 | |a 9788471337481 | ||
| 040 | |c Pontificia Universidad Católica de Valparaíso | ||
| 082 | 0 | 4 | |a 370.78 |b BIS |2 21 |
| 100 | 0 | |a Bisquerra Alzina, Rafael |e author |9 584373 | |
| 245 | 1 | 0 | |a Metodología de la investigación educativa |
| 250 | |a 4a. ed | ||
| 260 | |a Madrid, España |b La Muralla |c 2014 | ||
| 300 | |a 459 páginas | ||
| 583 | |a last modification |c 20160121 16:41:00 |k Rodrigo Vera | ||
| 650 | 0 | |a Investigación educacional |9 261192 | |
| 650 | 0 | |a Métodos de investigación |9 262618 | |
| 650 | 0 | |a Investigación científica |9 259857 | |
| 650 | 0 | |a Análisis de la información |9 306986 | |
| 852 | |a BIBCUR | ||
| 856 | |u http://bibliografiadigital.pucv.cl.pucv.idm.oclc.org/index.php/bibliotecapucv/catalog/book/205 |y Disponible Online- Cap. 1 al 4 / Cap. 9 al 12 | ||
| 942 | |c BK |2 ddc | ||
| 945 | |d 20160121 16:41:00 |a arojas | ||
| 952 | |0 0 |1 0 |3 erb |4 0 |6 370_780000000000000_BIS_2014 |7 0 |8 A |9 474032 |a BIBEDU |b BIBEDU |c ES_NOD |i 5263131 |l 2 |m 1 |o 370.78 BIS 2014 |p 5263131 |r 2023-08-25 |s 2023-08-03 |w 2019-11-24 |y BK |z Catalogado en:20160121 |k EPE | ||
| 952 | |0 0 |1 0 |3 erb |4 0 |6 370_780000000000000_BIS_2014 |7 0 |8 A |9 474033 |a BIBEDU |b BIBEDU |c ES_NOD |i 526314K |l 2 |o 370.78 BIS 2014 |p 526314K |r 2023-08-25 |s 2023-08-18 |w 2019-11-24 |y BK |z Catalogado en:20160121 |k EPE | ||
| 952 | |0 0 |1 0 |3 erb |4 0 |6 370_780000000000000_BIS_2014 |7 0 |8 A |9 474034 |a BIBEDU |b BIBEDU |c ES_NOD |i 5263158 |l 3 |o 370.78 BIS 2014 |p 5263158 |r 2024-09-23 |s 2024-09-10 |w 2019-11-24 |y BK |z Catalogado en:20160121 |k EPE | ||
| 952 | |0 0 |1 0 |3 erb |4 0 |6 370_780000000000000_BIS_2014 |7 0 |8 A |9 474036 |a BIBMAT |b BIBMAT |c E_DIDACT |i 5374588 |l 1 |m 1 |o 370.78 BIS 2014 |p 5374588 |r 2025-01-07 |s 2024-01-09 |w 2019-11-24 |y BK |z Catalogado en:20170428 |k MAT | ||
| 952 | |0 0 |1 0 |3 erb |4 0 |6 370_780000000000000_BIS_2014 |7 0 |8 A |9 474037 |a BIBMAT |b BIBMAT |c E_DIDACT |i 5375592 |l 2 |m 2 |o 370.78 BIS 2014 |p 5375592 |r 2025-01-07 |s 2023-11-02 |w 2019-11-24 |y BK |z Catalogado en:20170512 |k MAT | ||